000 01280nam a2200313Ia 4500
001 ebr10608580
003 CaPaEBR
006 m u
007 cr cn|||||||||
008 120704s2012 enka sb 001 0 eng d
020 _z1781900744 (hbk.)
020 _z9781781900741 (hbk.)
020 _z9781781900758 (ebook)
040 _aCaPaEBR
_cCaPaEBR
035 _a(OCoLC)820830501
050 1 4 _aLB1139.23
_b.E27 2012eb
245 0 0 _aEarly childhood in a global context
_h[electronic resource] /
_cedited by John Sutterby.
260 _aBingley, UK :
_bEmerald,
_c2012.
300 _axi, 219 p. :
_bill.
490 0 _aAdvances in early education and day care ;
_vvol. 16
504 _aIncludes bibliographical references and index.
533 _aElectronic reproduction.
_bPalo Alto, Calif. :
_cebrary,
_d2011.
_nAvailable via World Wide Web.
_nAccess may be limited to ebrary affiliated libraries.
650 0 _aEarly childhood education
_vCross-cultural studies.
650 0 _aChild development
_vCross-cultural studies.
655 7 _aElectronic books.
_2local
700 1 _aSutterby, John A.,
_d1966-
710 2 _aebrary, Inc.
856 4 0 _uhttp://site.ebrary.com/lib/rucke/Doc?id=10608580
_zAn electronic book accessible through the World Wide Web; click to view
999 _c97833
_d97833